Úspech made in Poland

Poľsko ako jediný štát Európskej únie, kde počas uplynulých dvoch desaťročí ekonomika nepretržite rástla. Poľsko ako líder premien v strednej Európe. Úspešné roky pred krízou. Prvá vlna krízy. Silný priemysel ako rozhodujúci faktor pri prekonávaní krízových situácií. Jediný štát bez recesie. Základn...

Full description

Saved in:
Bibliographic Details
Main Author: Leško, Marián
Format: Book Chapter
Language:Slovak
Subjects:
Tags: Add Tag
No Tags, Be the first to tag this record!

MARC

LEADER 00000naa a2200000 4500
001 0179430
005 20231113081320.9
041 0 |a slo 
044 |a SK 
245 1 0 |a Úspech made in Poland  |c Marián Leško 
520 |a Poľsko ako jediný štát Európskej únie, kde počas uplynulých dvoch desaťročí ekonomika nepretržite rástla. Poľsko ako líder premien v strednej Európe. Úspešné roky pred krízou. Prvá vlna krízy. Silný priemysel ako rozhodujúci faktor pri prekonávaní krízových situácií. Jediný štát bez recesie. Základné makroekonomické ukazovatele Poľska (2008-2012). 
610 2 0 |a rast hospodársky 
610 2 0 |a situácia hospodárska 
610 2 0 |a ukazovatele makroekonomické 
610 2 0 |a kríza hospodárska 
610 2 0 |a kríza finančná 
610 2 0 |a Poľsko 
100 1 |a Leško, Marián